000 01175cam a2200325 a 4500
001 524
005 20250812094819.0
020 _a0786856297
040 _aN$V
_cN$V
_dVP@
_dBAKER
_dEHH
_dDLC
_dFISKH
_beng
050 0 0 _aPZ7.R4829
_bLi 2005
082 0 0 _a813.6
_222
100 1 _aRiordan, Rick.
245 1 4 _aThe lightning thief /
_cRick Riordan.
250 _a1st ed.
260 _aNew York :
_bMiramax Books/Hyperion Books for Children,
_c2005.
300 _a377 pages ;
_c22 cm.
490 1 _aPercy Jackson & the Olympians ;
_vbk. 1
505 _aM
520 _aAfter learning that he is the son of a mortal woman and Poseidon, god of the sea, twelve-year-old Percy is sent to a summer camp for demigods like himself, and joins his new friends on a quest to prevent a war between the gods.
521 _a680
_bLexile
521 _aM
_bRaz-Plus
650 0 _aMythology, Greek
_vJuvenile fiction.
650 1 _aMythology, Greek
_vFiction.
650 1 _aCamps
_vFiction.
650 1 _aFriendship
_vFiction.
650 1 _aFathers and sons
_vFiction.
655 7 _aFantasy fiction.
_2gsafd
906 _a7
_bcbc
_ccopycat
_d2
_encip
_f20
_gy-gencatlg
942 _2ddc
_cBK
_n0
999 _c524
_d524